The entire evolution of Humans - Statistics

General Stats
  • This quiz has been taken 59 times
    58 since last reset
  • The average score is 7 of 17
Answer Stats
Hint Lifetime Genus Answer % Correct
First Homo to leave Africa 1.45-0,8 mya Homo Erectus
83%
Specie that coexisted with modern human 130-28 kya Homo Neanderthalensis
83%
Us! 100kya - today Homo Sapiens
83%
Earliest Homo 2.4-1.65 mya Homo Habilis
75%
The Oldest Common Ancestor of Hominidae and Apes 15-18 mya Proconsul
42%
The most known Australopithecus, Lucy 2.9-3.8 mya Australopithecus Afarensis
33%
Early pre-australopitecus 5.2-4.5 mya Ardipithecus
33%
Disputed subspecie of above, maybe it was different specie 1.7-1.4 mya Homo Ergaster
33%
Specie named after German city 800-130 kya Homo Heidelbergensis
33%
"Millenium Man" 5.72-5.78 mya Orrorin
33%
Earliest Australopithecus (name specie) 3.9-4.2 mya Australopithecus Anamensis
25%
Species of Homo found in Rising Star cave that are known for their obscure sctructure 2-1.6 mya Homo Naledi
25%
Robust Australopithecs 2.9-1 mya Paranthropus
25%
Archantropus of Asia (Java man) 1.2-0.8 mya Pithecantropus
25%
Oldest Ancestor to both Hominin and Chimpanzees 6.8-7.2 mya Sahelanthropus
25%
Gracile Australopithecus we are known the most about 1.9-1 mya Australopithecus Sediba
25%
Disused genus name of arhantrops found in China 590-250 kya Sinanthropus
17%
No matching quizzes found
Score Distribution
Percent of People with Each Score
Percentile by Number Answered
Your Score History
You have not taken this quiz since the last reset